[Event "Aut_2.Bundesliga_Ost_2004/05"]
[Site "?"]
[Date "2005.04.09"]
[Round "10.5"]
[White "Batyte, Daiva"]
[Black "Lenz, Alarich"]
[Result "0-1"]
[WhiteElo "2130"]
[BlackElo "2186"]
[PlyCount "184"]
[EventDate "2004.10.09"]

1. e4 e6 2. d4 d5 3. e5 c5 4. c3 Nc6 5. Nf3 Qb6 6. Be2 Nh6 7. b3 cxd4 8. cxd4
Nf5 9. Bb2 Bb4+ 10. Kf1 O-O 11. g4 Nh6 12. Rg1 f6 13. exf6 Rxf6 14. g5 Rxf3 15.
Bxf3 Nf5 16. Rg4 Bd7 17. Kg2 Rf8 18. Nc3 Be8 19. Kh1 Bh5 20. Rf4 Bg6 21. Bg4
Bd6 22. Rf3 Qxd4 23. Qxd4 Ncxd4 24. Rd3 Nc2 25. Rad1 Nb4 26. R3d2 Nc6 27. Ne2
Ne5 28. Bxf5 Bxf5 29. Ng3 Bg4 30. Rc1 Nf3 31. Rdc2 e5 32. a4 Nxg5 33. b4 Nh3
34. Kg2 Nf4+ 35. Kg1 Nd3 36. Ba1 e4 37. Bd4 Nxb4 38. Rb2 Nc6 39. Bc3 b6 40. Rd2
Bc5 41. Rxd5 Bxf2+ 42. Kg2 Bc5 43. Rf1 Bf3+ 44. Kh3 Ne7 45. Rd7 h5 46. Rxa7 g5
47. Bd2 Nc6 48. Rc7 e3 49. Bc3 Be7 50. Rxf3 g4+ 51. Kg2 gxf3+ 52. Kf1 Rd8 53.
Ke1 Rd6 54. Nf5 Bh4+ 55. Nxh4 f2+ 56. Ke2 Rd1 57. Rg7+ Kf8 58. Ng6+ Ke8 59.
Rg8+ Kd7 60. Rf8 Rc1 61. Rf7+ Kc8 62. Rf8+ Kb7 63. Kxe3 f1=Q 64. Rxf1 Rxf1 65.
Nf4 Ne7 66. Bd2 Nf5+ 67. Ke4 Nd6+ 68. Kd3 Rf2 69. h3 Nc4 70. Bc1 Nb2+ 71. Ke4
Nxa4 72. Nxh5 Nc5+ 73. Ke3 Rc2 74. Bd2 Nb3 75. Bb4 Rc4 76. Be7 Rc3+ 77. Ke4
Rxh3 78. Nf4 Rh1 79. Kd5 Re1 80. Bb4 Rd1+ 81. Ke5 Kc6 82. Bc3 Nc5 83. Ne2 Rd5+
84. Kf4 Ne6+ 85. Ke4 b5 86. Ke3 Kc5 87. Bb2 Kc4 88. Ng1 Rd3+ 89. Ke2 Nf4+ 90.
Ke1 Rg3 91. Kf2 Rg2+ 92. Kf3 Rxg1 0-1

[Event "Aut_2.Bundesliga_Ost_2004/05"]
[Site "?"]
[Date "2005.04.09"]
[Round "10.5"]
[White "Petschar, Hans"]
[Black "Schirmbeck, Hannes"]
[Result "1-0"]
[WhiteElo "2050"]
[BlackElo "2139"]
[PlyCount "69"]
[EventDate "2004.10.09"]

1. Nf3 d5 2. d4 Nf6 3. c4 c6 4. Nc3 dxc4 5. a4 Bf5 6. Nh4 Qd7 7. Nxf5 Qxf5 8.
e3 Na6 9. Bxc4 Nb4 10. O-O e6 11. a5 Be7 12. Qe2 Rd8 13. f3 Qh5 14. Rd1 O-O 15.
e4 c5 16. Be3 cxd4 17. Rxd4 Rxd4 18. Bxd4 Nc6 19. Bf2 Rd8 20. a6 b6 21. Rd1 Bd6
22. g3 Ne5 23. Kg2 Bc7 24. Rxd8+ Bxd8 25. Qd1 Be7 26. Be2 Nc6 27. Qa4 Nb4 28.
Nb5 Nxe4 29. g4 Qe5 30. fxe4 Qxb2 31. Qd1 Nc2 32. Nxa7 h5 33. Nc6 Bh4 34. a7
Qa2 35. a8=Q+ 1-0

[Event "Aut_2.Bundesliga_Ost_2004/05"]
[Site "?"]
[Date "2005.04.09"]
[Round "10.6"]
[White "Schweda, Roland"]
[Black "Schroll, Gerhard"]
[Result "1-0"]
[WhiteElo "2410"]
[BlackElo "2364"]
[PlyCount "47"]
[EventDate "2004.10.09"]

1. d4 Nf6 2. c4 e6 3. Nc3 Bb4 4. e3 O-O 5. Nge2 d5 6. a3 Be7 7. Nf4 c6 8. Bd3
dxc4 9. Bxc4 b5 10. Be2 a5 11. O-O Ba6 12. Nd3 Nbd7 13. b4 Nd5 14. Bd2 axb4 15.
Nxd5 exd5 16. Bxb4 Nb6 17. Ne5 Bb7 18. Bd3 Bxb4 19. axb4 Qd6 20. Rxa8 Bxa8 21.
Qh5 g6 22. Qh6 Nc4 23. f4 Bb7 24. Bxc4 1-0

[Event "Aut_2.Bundesliga_Ost_2004/05"]
[Site "?"]
[Date "2005.04.09"]
[Round "10.6"]
[White "Neulinger, Manfred"]
[Black "Kummer, Helmut"]
[Result "1/2-1/2"]
[WhiteElo "2304"]
[BlackElo "2350"]
[PlyCount "53"]
[EventDate "2004.10.09"]

1. e4 e5 2. Nf3 Nc6 3. Bb5 a6 4. Bxc6 dxc6 5. O-O f6 6. d4 exd4 7. Qxd4 Qxd4 8.
Nxd4 c5 9. Ne2 Bd6 10. Nbc3 Ne7 11. Bf4 Be6 12. Bxd6 cxd6 13. Rfd1 O-O-O 14.
Rd2 Bf7 15. Rad1 Kc7 16. Nf4 Rhe8 17. f3 b6 18. Kf2 Kc6 19. Ncd5 Nxd5 20. Nxd5
Bxd5 21. Rxd5 Re5 22. Ke3 Rxd5 23. Rxd5 Kd7 24. h4 Ke6 25. g4 h6 26. h5 Rd7 27.
Kd3 1/2-1/2

[Event "Aut_2.Bundesliga_Ost_2004/05"]
[Site "?"]
[Date "2005.04.09"]
[Round "10.6"]
[White "Rudolf, Herbert"]
[Black "Wiedner, Robert"]
[Result "1/2-1/2"]
[WhiteElo "2225"]
[BlackElo "2216"]
[PlyCount "23"]
[EventDate "2004.10.09"]

1. Nf3 d5 2. c4 e6 3. g3 Nf6 4. Bg2 c6 5. b3 Be7 6. O-O Ne4 7. Bb2 Bf6 8. Qc2
Bxb2 9. Qxb2 Qf6 10. Qxf6 Nxf6 11. d4 Ke7 12. Nc3 1/2-1/2

[Event "Aut_2.Bundesliga_Ost_2004/05"]
[Site "?"]
[Date "2005.04.09"]
[Round "10.6"]
[White "Posch, Werner"]
[Black "Kremsner, Andreas"]
[Result "1/2-1/2"]
[WhiteElo "2170"]
[BlackElo "2207"]
[PlyCount "39"]
[EventDate "2004.10.09"]

1. e4 c6 2. d3 d5 3. Nd2 e5 4. Ngf3 Nd7 5. g3 Ngf6 6. Bg2 Bd6 7. O-O O-O 8. Re1
Re8 9. b3 dxe4 10. dxe4 Qc7 11. Bb2 b5 12. h3 a5 13. a3 Nc5 14. Nh4 g6 15. Qf3
Qe7 16. Qe3 Nh5 17. Qh6 Qf8 18. Qe3 Qe7 19. Qh6 Qf8 20. Qe3 1/2-1/2

[Event "Aut_2.Bundesliga_Ost_2004/05"]
[Site "?"]
[Date "2005.04.10"]
[Round "11.1"]
[White "Sommerbauer, Norbert"]
[Black "Schlosser, Michael"]
[Result "1/2-1/2"]
[WhiteElo "2419"]
[BlackElo "2364"]
[PlyCount "43"]
[EventDate "2004.10.09"]

1. e4 g6 2. d4 Bg7 3. Nc3 d6 4. Be3 a6 5. f4 b5 6. Bd3 Nd7 7. e5 e6 8. a4 b4 9.
Ne4 d5 10. Nd2 c5 11. dxc5 Qc7 12. Nb3 Bf8 13. Nf3 Nxc5 14. Nxc5 Bxc5 15. Qd2
Ne7 16. O-O O-O 17. Kh1 a5 18. Qf2 Bxe3 19. Qxe3 Ba6 20. Nd4 Bxd3 21. cxd3 Qb6
22. Qg1 1/2-1/2

[Event "Aut_2.Bundesliga_Ost_2004/05"]
[Site "?"]
[Date "2005.04.10"]
[Round "11.1"]
[White "Wirius, Stefan"]
[Black "Schweda, Roland"]
[Result "1-0"]
[WhiteElo "2334"]
[BlackElo "2410"]
[PlyCount "81"]
[EventDate "2004.10.09"]

1. Nf3 g6 2. g3 Bg7 3. Bg2 Nf6 4. O-O O-O 5. c4 d6 6. Nc3 c6 7. d4 a6 8. e4
Nbd7 9. Be3 b5 10. b3 bxc4 11. bxc4 a5 12. Rc1 Ba6 13. Na4 Nb6 14. Nxb6 Qxb6
15. Qc2 Nd7 16. e5 Qc7 17. e6 fxe6 18. Ng5 Rf6 19. Qe4 d5 20. cxd5 Bxf1 21.
Kxf1 Nf8 22. dxc6 h6 23. Nf3 g5 24. Ne5 Rb8 25. h4 gxh4 26. Qxh4 Ng6 27. Nxg6
Rxg6 28. Qe4 Rf6 29. Bf4 Rxf4 30. Qxf4 e5 31. Qf5 Rf8 32. Qe6+ Kh8 33. Be4 Rd8
34. Qg6 Kg8 35. Rc3 Rd6 36. Qe8+ Bf8 37. Rf3 Rf6 38. Rxf6 exf6 39. d5 Qd6 40.
Bf5 h5 41. Qxh5 1-0

[Event "Aut_2.Bundesliga_Ost_2004/05"]
[Site "?"]
[Date "2005.04.10"]
[Round "11.1"]
[White "Kummer, Helmut"]
[Black "Pachta, Paul"]
[Result "1/2-1/2"]
[WhiteElo "2350"]
[BlackElo "2159"]
[PlyCount "77"]
[EventDate "2004.10.09"]

1. d4 Nf6 2. c4 g6 3. g3 Bg7 4. Bg2 d6 5. Nf3 O-O 6. Nc3 Nc6 7. O-O a6 8. h3
Rb8 9. Be3 Bf5 10. Rc1 Ne4 11. Nxe4 Bxe4 12. Qd2 e5 13. d5 Ne7 14. Bh6 f6 15.
Bxg7 Kxg7 16. Nd4 Bf5 17. Nxf5+ Nxf5 18. c5 Rf7 19. e3 dxc5 20. Rxc5 Rd7 21.
Qc2 Ne7 22. Rc1 Rc8 23. d6 Nc6 24. Bxc6 cxd6 25. Rc3 bxc6 26. Rxc6 Rxc6 27.
Qxc6 a5 28. e4 d5 29. exd5 Rxd5 30. b3 Rd2 31. Rc2 Rd1+ 32. Kg2 Qd3 33. Qc7+
Kh6 34. Qc4 e4 35. Qxd3 exd3 36. Rb2 Rc1 37. Rd2 Rc2 38. Rxd3 Rxa2 39. Rd5
1/2-1/2

[Event "Aut_2.Bundesliga_Ost_2004/05"]
[Site "?"]
[Date "2005.04.10"]
[Round "11.1"]
[White "Kremsner, Andreas"]
[Black "Wirius, Johannes"]
[Result "0-1"]
[WhiteElo "2207"]
[BlackElo "2182"]
[PlyCount "84"]
[EventDate "2004.10.09"]

1. d4 Nf6 2. Nf3 e6 3. g3 b6 4. Bg2 Bb7 5. O-O Be7 6. c4 O-O 7. Nc3 d5 8. Ne5
c6 9. e4 dxc4 10. Nxc4 Ba6 11. b3 b5 12. Ne5 Nfd7 13. Nxd7 Nxd7 14. Re1 b4 15.
Na4 c5 16. d5 exd5 17. exd5 Bf6 18. Rb1 Bb5 19. Nb2 Nb6 20. Be3 Rc8 21. Bh3 Bd7
22. Bg2 Bf5 23. Nd3 Nxd5 24. Bxd5 Qxd5 25. Nf4 Qb7 26. Rc1 Bc3 27. Qd5 Be4 28.
Qxb7 Bxb7 29. Red1 Bf3 30. Rd7 a6 31. Ra7 Rfd8 32. Rxa6 Bb2 33. Re1 c4 34. bxc4
Rxc4 35. Bb6 Rb8 36. Be3 Rc2 37. Ba7 Rbc8 38. Be3 Bc3 39. Rf1 g5 40. Nh3 f6 41.
Ra7 Ra8 42. Rc7 Rcxa2 0-1

[Event "Aut_2.Bundesliga_Ost_2004/05"]
[Site "?"]
[Date "2005.04.10"]
[Round "11.1"]
[White "Goetz, Alexander"]
[Black "Steinwender, Peter"]
[Result "1-0"]
[WhiteElo "2189"]
[BlackElo "2140"]
[PlyCount "44"]
[EventDate "2004.10.09"]

1. c4 e5 2. g3 Bc5 3. Bg2 Nf6 4. Nc3 O-O 5. e3 Nc6 6. a3 a5 7. Nge2 Re8 8. O-O
d6 9. h3 Bf5 10. d3 Qd7 11. Kh2 Nd8 12. g4 Bxg4 13. hxg4 Nxg4+ 14. Kg1 Re6 15.
Ng3 Rg6 16. Qf3 Ne6 17. Nce4 Bb6 18. Bd2 Rf8 19. Nf5 Qd8 20. b4 axb4 21. axb4
d5 22. cxd5 Qxd5 1-0

[Event "Aut_2.Bundesliga_Ost_2004/05"]
[Site "?"]
[Date "2005.04.10"]
[Round "11.2"]
[White "Srienz, Christian"]
[Black "Volkmann, Friedrich Karl"]
[Result "1/2-1/2"]
[WhiteElo "2285"]
[BlackElo "2454"]
[PlyCount "82"]
[EventDate "2004.10.09"]

1. e4 e5 2. Nf3 Nf6 3. Nxe5 Nxe4 4. Qe2 Qe7 5. Qxe4 d6 6. d4 dxe5 7. dxe5 Nc6
8. Nc3 Qxe5 9. Qxe5+ Nxe5 10. Bf4 f6 11. O-O-O Bc5 12. Ne4 Be7 13. Bb5+ Kf7 14.
Rhe1 Bg4 15. f3 Be6 16. Ng5+ fxg5 17. Bxe5 c6 18. Bd3 Bf6 19. Re2 h6 20. Rde1
Bxe5 21. Rxe5 Rhe8 22. Kd2 Kf6 23. Kc3 Bd7 24. Rxe8 Bxe8 25. b4 Bf7 26. Bc4
Bxc4 27. Kxc4 Rd8 28. Re2 Rd5 29. a4 b6 30. c3 Re5 31. Re4 h5 32. Rd4 Ke7 33.
Kd3 a6 34. Re4 Kd6 35. c4 c5 36. b5 a5 37. g4 Rxe4 38. Kxe4 hxg4 39. fxg4 Ke6
40. Kf3 Ke5 41. Ke3 Kf6 1/2-1/2

[Event "Aut_2.Bundesliga_Ost_2004/05"]
[Site "?"]
[Date "2005.04.10"]
[Round "11.2"]
[White "Schroll, Gerhard"]
[Black "Wukits, Rene"]
[Result "0-1"]
[WhiteElo "2364"]
[BlackElo "2265"]
[PlyCount "60"]
[EventDate "2004.10.09"]

1. d4 Nf6 2. c4 e6 3. Nc3 Bb4 4. Qc2 c5 5. dxc5 Na6 6. a3 Bxc3+ 7. Qxc3 Nxc5 8.
f3 O-O 9. b4 Na4 10. Qb3 Nb6 11. c5 Nbd5 12. Nh3 d6 13. e4 dxc5 14. exd5 exd5
15. Nf4 Re8+ 16. Kd1 c4 17. Qc3 Bd7 18. Be3 Ba4+ 19. Kc1 d4 20. Bxd4 Qd6 21. g3
Rad8 22. Ne2 Nd5 23. Qd2 Qg6 24. Ra2 c3 25. Nxc3 Nxc3 26. Qxc3 Rxd4 27. Qxd4
Re1+ 28. Kd2 Rd1+ 29. Ke3 Rxd4 30. Kxd4 Qe6 0-1

[Event "Aut_2.Bundesliga_Ost_2004/05"]
[Site "?"]
[Date "2005.04.10"]
[Round "11.2"]
[White "Kreindl, Helmut"]
[Black "Neulinger, Manfred"]
[Result "0-1"]
[WhiteElo "2208"]
[BlackElo "2304"]
[PlyCount "117"]
[EventDate "2004.10.09"]

1. d4 g6 2. Nf3 Bg7 3. Bf4 d6 4. h3 Nf6 5. e3 O-O 6. Be2 c5 7. c3 b6 8. O-O Bb7
9. Nbd2 Nbd7 10. a4 a6 11. Qb3 Qc7 12. Rfc1 Bc6 13. Qa3 Qb7 14. b4 cxb4 15.
cxb4 Bd5 16. Rc3 Rfc8 17. Rac1 Kf8 18. Qb2 Ke8 19. Qc2 Rxc3 20. Qxc3 Kd8 21.
Ne1 a5 22. bxa5 bxa5 23. Rb1 Qc7 24. Qb2 Rb8 25. Bb5 Qa7 26. Rc1 Ne8 27. Nb3
Nc7 28. Qc3 Nxb5 29. axb5 Ra8 30. Nd2 Nb6 31. Nd3 Rc8 32. Qa1 Rxc1+ 33. Qxc1
Qc7 34. Qa3 a4 35. Nb4 Ba8 36. Nb1 Qc4 37. Nc3 Qb3 38. Qxb3 axb3 39. Bg3 Kd7
40. f3 Nc4 41. Kf2 b2 42. Nd3 Bh6 43. Bf4 g5 44. Bg3 g4 45. Bf4 gxh3 46. gxh3
Bxf4 47. exf4 Bb7 48. Ke2 Kd8 49. Kd1 Bxf3+ 50. Kc2 Bg2 51. h4 Ne3+ 52. Kxb2
Nf5 53. d5 Nxh4 54. Nb4 Kc7 55. Nc6 Nf5 56. Kb3 e6 57. dxe6 fxe6 58. Na5 h5 59.
Na4 0-1

[Event "Aut_2.Bundesliga_Ost_2004/05"]
[Site "?"]
[Date "2005.04.10"]
[Round "11.2"]
[White "Wiedner, Robert"]
[Black "Wallner, Alfred"]
[Result "1/2-1/2"]
[WhiteElo "2216"]
[BlackElo "2232"]
[PlyCount "28"]
[EventDate "2004.10.09"]

1. c4 c5 2. Nf3 g6 3. d4 Bg7 4. Nc3 cxd4 5. Nxd4 Nc6 6. e3 Nh6 7. Qa4 Nxd4 8.
exd4 Nf5 9. d5 O-O 10. Bd3 d6 11. O-O Bd7 12. Qd1 Qb6 13. Ne2 Rac8 14. Rb1 a6
1/2-1/2

[Event "Aut_2.Bundesliga_Ost_2004/05"]
[Site "?"]
[Date "2005.04.10"]
[Round "11.2"]
[White "Lenz, Alarich"]
[Black "Posch, Werner"]
[Result "0-1"]
[WhiteElo "2186"]
[BlackElo "2170"]
[PlyCount "124"]
[EventDate "2004.10.09"]

1. c4 e5 2. Nc3 Nc6 3. Nf3 g6 4. d4 exd4 5. Nxd4 Bg7 6. Nxc6 bxc6 7. g3 Ne7 8.
Bg2 O-O 9. O-O d6 10. Qa4 Bd7 11. c5 d5 12. Rd1 Qc8 13. Bg5 Re8 14. e4 Rb8 15.
exd5 cxd5 16. Qf4 c6 17. Bf6 Nf5 18. Bxg7 Nxg7 19. b4 Ne6 20. Qd2 Qd8 21. Rab1
Qf6 22. h4 a5 23. a3 axb4 24. axb4 h6 25. Na4 g5 26. Nb6 Red8 27. Rb3 Qg7 28.
Ra3 Rb7 29. hxg5 hxg5 30. Qa2 Nd4 31. Ra8 Ne6 32. Rxd8+ Nxd8 33. Qa8 Qf8 34. b5
Bg4 35. Rc1 Rc7 36. bxc6 Rxc6 37. Bxd5 Rc7 38. Qb8 Ne6 39. Qxf8+ Kxf8 40. c6
Nd4 41. Rc4 Nf3+ 42. Kg2 Ne5 43. Rc3 Ke7 44. f4 gxf4 45. gxf4 Ng6 46. Kg3 Bf5
47. Na8 Ra7 48. Nb6 Kd6 49. Be4 Ne7 50. Bf3 Be6 51. Nc4+ Kc7 52. Ne5 Nf5+ 53.
Kg4 f6 54. Nd3 Nd4+ 55. Kg3 Bd5 56. Nb4 Bxf3 57. Rd3 Nxc6 58. Rxf3 Nxb4 59. Kg4
Ra5 60. f5 Kd6 61. Kh5 Nd5 62. Kg6 Ke5 0-1

[Event "Aut_2.Bundesliga_Ost_2004/05"]
[Site "?"]
[Date "2005.04.10"]
[Round "11.2"]
[White "Todor, Razvan"]
[Black "Petschar, Hans"]
[Result "1-0"]
[WhiteElo "2158"]
[BlackElo "2050"]
[PlyCount "83"]
[EventDate "2004.10.09"]

1. d4 d6 2. Nf3 g6 3. c4 Bg7 4. Nc3 Nf6 5. e4 O-O 6. Be2 Na6 7. O-O e5 8. Bg5
h6 9. Be3 Qe8 10. dxe5 dxe5 11. h3 c6 12. a3 Nh5 13. Qc1 Kh7 14. Ne1 f5 15.
exf5 gxf5 16. Qd1 Nf6 17. Nd3 f4 18. Bc5 Rg8 19. Bd6 Nd7 20. Bf3 Nf8 21. Qe2
Bxh3 22. Qe4+ Kh8 23. Nxe5 Qe6 24. Qxf4 Ng6 25. Nxg6+ Qxg6 26. Be4 Qg4 27. Qxg4
Bxg4 28. Rac1 Rae8 29. f3 Be6 30. Ne2 Bxb2 31. Rb1 Bg7 32. Rxb7 Bxc4 33. Nf4
Bd4+ 34. Rf2 Rxe4 35. fxe4 Nc5 36. Re7 Rg5 37. Be5+ Bxe5 38. Rxe5 Rxe5 39. Ng6+
Kg7 40. Nxe5 Bb5 41. Rf7+ Kg8 42. Rxa7 1-0

[Event "Aut_2.Bundesliga_Ost_2004/05"]
[Site "?"]
[Date "2005.04.10"]
[Round "11.3"]
[White "Loeffler, Stefan"]
[Black "Polak, Thomas"]
[Result "1-0"]
[WhiteElo "2432"]
[BlackElo "2466"]
[PlyCount "69"]
[EventDate "2004.10.09"]

1. d4 Nf6 2. Bg5 e6 3. e4 h6 4. Bxf6 Qxf6 5. c3 d6 6. Bd3 c5 7. Nf3 Nd7 8. O-O
Qd8 9. e5 cxd4 10. cxd4 dxe5 11. dxe5 g6 12. Qa4 Bg7 13. Rd1 a6 14. Nc3 Qe7 15.
Qf4 O-O 16. Ne4 g5 17. Qg3 f5 18. exf6 Nxf6 19. Rac1 Nxe4 20. Bxe4 Rf4 21. h4
Rxe4 22. hxg5 hxg5 23. Rc7 Qf6 24. Nxg5 Re2 25. Qh4 Bh6 26. f4 e5 27. Rf7 Qb6+
28. Kh1 Bf5 29. Rxf5 Qg6 30. Qg4 exf4 31. Rd6 Re1+ 32. Kh2 Qg7 33. Nf7 Qxg4 34.
Nxh6+ Kg7 35. Rf7+ 1-0

[Event "Aut_2.Bundesliga_Ost_2004/05"]
[Site "?"]
[Date "2005.04.10"]
[Round "11.3"]
[White "Chytilek, Roman"]
[Black "Miniboeck, Guenter"]
[Result "1/2-1/2"]
[WhiteElo "2424"]
[BlackElo "2345"]
[PlyCount "54"]
[EventDate "2004.10.09"]

1. e4 c5 2. Nf3 d6 3. Bc4 Nf6 4. d3 Nc6 5. c3 g6 6. O-O Bg7 7. Bb3 O-O 8. Nbd2
b6 9. Re1 Ba6 10. Bc2 Rc8 11. a3 Ne5 12. Nf1 e6 13. h3 Qd7 14. N1h2 Qc7 15. Bg5
h6 16. Be3 Nxf3+ 17. Nxf3 e5 18. Qd2 Kh7 19. c4 Nh5 20. Bd1 Nf4 21. Rb1 Ne6 22.
Nh4 Rce8 23. Rf1 Qd8 24. g3 Bb7 25. Bg4 Bc8 26. Kh2 Rg8 27. Qe2 Rgf8 1/2-1/2

[Event "Aut_2.Bundesliga_Ost_2004/05"]
[Site "?"]
[Date "2005.04.10"]
[Round "11.3"]
[White "Brandner, Stefan"]
[Black "Groetz, Harald"]
[Result "0-1"]
[WhiteElo "2316"]
[BlackElo "2299"]
[PlyCount "40"]
[EventDate "2004.10.09"]

1. e4 c5 2. d3 Nc6 3. g3 g6 4. Bg2 Bg7 5. f4 d6 6. Nf3 e5 7. O-O Nge7 8. c3 O-O
9. Na3 exf4 10. Bxf4 Ne5 11. Qd2 Bg4 12. Nc2 Qd7 13. Ne3 Nxf3+ 14. Bxf3 Bxf3
15. Rxf3 d5 16. e5 d4 17. Nc4 Nc6 18. Raf1 Rae8 19. Nd6 Rxe5 20. Ne4 f5 0-1

[Event "Aut_2.Bundesliga_Ost_2004/05"]
[Site "?"]
[Date "2005.04.10"]
[Round "11.3"]
[White "Hangweyrer, Manfred"]
[Black "Sulyok, Michael"]
[Result "1/2-1/2"]
[WhiteElo "2347"]
[BlackElo "2205"]
[PlyCount "111"]
[EventDate "2004.10.09"]

1. Nf3 d6 2. g3 f5 3. Bg2 Nf6 4. c4 g6 5. Nc3 Bg7 6. O-O O-O 7. Rb1 e5 8. b4 e4
9. Ne1 c6 10. b5 Be6 11. d3 d5 12. bxc6 bxc6 13. Ba3 Re8 14. cxd5 cxd5 15. Nb5
Qa5 16. Nc2 Nc6 17. Qe1 Qxe1 18. Rfxe1 Rec8 19. Rec1 Ne8 20. Bc5 a6 21. Nbd4
Nxd4 22. Nxd4 Bd7 23. e3 Rc7 24. Nb3 Bb5 25. dxe4 dxe4 26. Bb6 Rb7 27. Bd4 Bd3
28. Rb2 Nd6 29. Bxg7 Rxg7 30. Nc5 Bb5 31. a4 Be8 32. Rb6 Nc8 33. Rxa6 Rxa6 34.
Nxa6 Nd6 35. a5 Ra7 36. Bf1 Bb5 37. Bxb5 Nxb5 38. Rc5 Rxa6 39. Rxb5 Kf7 40. h3
h5 41. Kf1 Ke7 42. Ke2 Kd7 43. Kd2 Kc6 44. Re5 Kd6 45. Re8 Kd7 46. Rb8 Rxa5 47.
Rb6 Rd5+ 48. Kc3 g5 49. Rh6 Ke7 50. Rxh5 Kf6 51. h4 gxh4 52. Rxh4 Rd1 53. Kc2
Rd8 54. Rh1 Ra8 55. Rb1 Kg5 56. Kd1 1/2-1/2

[Event "Aut_2.Bundesliga_Ost_2004/05"]
[Site "?"]
[Date "2005.04.10"]
[Round "11.3"]
[White "Herndlbauer, Martin"]
[Black "Wolfram, Bernd"]
[Result "0-1"]
[WhiteElo "2132"]
[BlackElo "2199"]
[PlyCount "67"]
[EventDate "2004.10.09"]

1. e4 c5 2. Nf3 Nc6 3. d4 cxd4 4. Nxd4 g6 5. Nc3 Bg7 6. Be3 Nf6 7. f3 O-O 8.
Bc4 Qb6 9. Bb3 Nxe4 10. Nd5 Qa5+ 11. c3 Nc5 12. Nxc6 dxc6 13. Nxe7+ Kh8 14.
Nxc8 Re8 15. O-O Raxc8 16. Bd4 Rcd8 17. Bxf7 Bxd4+ 18. cxd4 Re7 19. Qc2 Rxd4
20. Bxg6 hxg6 21. Qxg6 Nd7 22. Kh1 Qe5 23. f4 Qf6 24. Qh5+ Kg8 25. Rf3 Rxf4 26.
Rg3+ Rg7 27. Rxg7+ Kxg7 28. Qe2 Ne5 29. Rg1 Rf2 30. Qe3 Rxb2 31. Qg3+ Ng6 32.
Rd1 Rd2 33. Qc7+ Kh6 34. Rg1 0-1

[Event "Aut_2.Bundesliga_Ost_2004/05"]
[Site "?"]
[Date "2005.04.10"]
[Round "11.3"]
[White "Batyte, Daiva"]
[Black "Perndl, Johann"]
[Result "1-0"]
[WhiteElo "2130"]
[BlackElo "2034"]
[PlyCount "57"]
[EventDate "2004.10.09"]

1. e4 c5 2. Nf3 e6 3. c3 Nf6 4. Bd3 Nc6 5. Bc2 e5 6. d4 cxd4 7. cxd4 exd4 8.
Nxd4 Qb6 9. Nf5 Bb4+ 10. Nc3 O-O 11. O-O d6 12. Bg5 Bxc3 13. bxc3 Bxf5 14. exf5
Ne5 15. Be3 Qc6 16. Bd4 Rac8 17. Rb1 Ne4 18. Ba4 Qc7 19. Rc1 Qa5 20. Bb3 b5 21.
Qe1 Nc5 22. Qe3 Nxb3 23. axb3 Rfe8 24. f6 gxf6 25. Ra1 Qd8 26. Rxa7 Nc6 27.
Qg3+ Kf8 28. Rd7 Nxd4 29. Qxd6+ 1-0

[Event "Aut_2.Bundesliga_Ost_2004/05"]
[Site "?"]
[Date "2005.04.10"]
[Round "11.4"]
[White "Pingitzer, Harald"]
[Black "Plachetka, Jan"]
[Result "1/2-1/2"]
[WhiteElo "2389"]
[BlackElo "2435"]
[PlyCount "62"]
[EventDate "2004.10.09"]

1. Nf3 c5 2. e3 Nf6 3. b3 g6 4. Bb2 Bg7 5. Be2 Nc6 6. O-O O-O 7. c4 b6 8. d4
cxd4 9. Nxd4 Nxd4 10. Bxd4 Bb7 11. Bf3 Qb8 12. Nd2 d6 13. Bxb7 Qxb7 14. Qf3
Qxf3 15. Nxf3 Rfc8 16. Rfd1 Rc7 17. Kf1 Rac8 18. a4 Ne4 19. a5 bxa5 20. Rxa5
Rb8 21. Bxg7 Kxg7 22. Nd4 Nc5 23. Nb5 Rcb7 24. b4 Nd7 25. Rxa7 Rxa7 26. Nxa7
Rxb4 27. Nc6 Rxc4 28. Nxe7 Nf6 29. f3 Kf8 30. Nd5 Nxd5 31. Rxd5 Ke7 1/2-1/2

[Event "Aut_2.Bundesliga_Ost_2004/05"]
[Site "?"]
[Date "2005.04.10"]
[Round "11.4"]
[White "Pokorna, Regina"]
[Black "Sandhu, Mario"]
[Result "1/2-1/2"]
[WhiteElo "2370"]
[BlackElo "2314"]
[PlyCount "117"]
[EventDate "2004.10.09"]

1. e4 c6 2. d4 d5 3. exd5 cxd5 4. c4 Nf6 5. Nc3 Nc6 6. Bg5 Qa5 7. Qd2 Be6 8.
Nf3 dxc4 9. Bxf6 exf6 10. d5 O-O-O 11. Bxc4 Bb4 12. O-O-O Ne7 13. Qc2 Bf5 14.
Qb3 Bxc3 15. Qxc3 Qxc3+ 16. bxc3 Be4 17. d6 Bxf3 18. gxf3 Nf5 19. Bxf7 Nxd6 20.
Be6+ Kc7 21. Rhe1 Rhe8 22. f4 Nb5 23. Rxd8 Rxd8 24. f5 Re8 25. Kc2 Nd6 26. Re3
Re7 27. Kd3 g5 28. Rh3 Rg7 29. Rh6 Ne8 30. Bb3 Kd6 31. Ba4 Nc7 32. Rxf6+ Ke5
33. Rf8 Nd5 34. Bb3 Nf6 35. Be6 Rc7 36. h3 Ne4 37. c4 Nxf2+ 38. Ke3 Nxh3 39.
Bc8 Rxc4 40. f6 Rc3+ 41. Kd2 Rf3 42. f7 Kf6 43. Rh8 Kg7 44. f8=Q+ Rxf8 45. Rxf8
Kxf8 46. Bxh3 Ke7 47. Ke3 Kd6 48. Ke4 Kc5 49. Kf5 h6 50. Kg6 Kb4 51. Bc8 b5 52.
Bd7 a6 53. Bc8 a5 54. Bd7 Ka3 55. Bxb5 Kxa2 56. Bd7 Kb3 57. Kxh6 a4 58. Bxa4+
Kxa4 59. Kxg5 1/2-1/2

[Event "Aut_2.Bundesliga_Ost_2004/05"]
[Site "?"]
[Date "2005.04.10"]
[Round "11.4"]
[White "Hofbauer, Martin"]
[Black "Staudner, Oliver"]
[Result "1/2-1/2"]
[WhiteElo "2334"]
[BlackElo "2392"]
[PlyCount "72"]
[EventDate "2004.10.09"]

1. e4 e6 2. d4 d5 3. e5 c5 4. c3 Qb6 5. Nf3 Bd7 6. a3 c4 7. Nbd2 Nc6 8. g3 Na5
9. h4 Ne7 10. Bh3 Qc7 11. O-O Nc8 12. Re1 Nb6 13. Nf1 Nb3 14. Rb1 Nxc1 15. Qxc1
O-O-O 16. Ng5 Be8 17. f4 h6 18. Nf3 g6 19. g4 h5 20. Ng3 hxg4 21. Bxg4 Qe7 22.
Kf2 Bd7 23. Qd2 Bh6 24. Rh1 Rdf8 25. Kg2 Kb8 26. Ng5 Nc8 27. Rbe1 a6 28. Re2
Na7 29. Rhe1 Nc6 30. Rh1 Ka7 31. h5 Rfg8 32. Kf3 Nd8 33. Reh2 f6 34. exf6 Qxf6
35. Kg2 Nf7 36. hxg6 Rxg6 1/2-1/2

[Event "Aut_2.Bundesliga_Ost_2004/05"]
[Site "?"]
[Date "2005.04.10"]
[Round "11.4"]
[White "Beckhuis, Gernod"]
[Black "Schneider-Zinner, Harald"]
[Result "1-0"]
[WhiteElo "2299"]
[BlackElo "2358"]
[PlyCount "59"]
[EventDate "2004.10.09"]

1. Nf3 Nf6 2. c4 e6 3. Nc3 d5 4. d4 c6 5. e3 Nbd7 6. Bd3 dxc4 7. Bxc4 b5 8. Bd3
a6 9. e4 c5 10. d5 Bb7 11. O-O c4 12. Bc2 Qc7 13. dxe6 fxe6 14. Ng5 Nc5 15. e5
Qc6 16. f3 Nfd7 17. Qe2 Nd3 18. Bxd3 cxd3 19. Qxd3 b4 20. Nce4 Nxe5 21. Qb3 Nc4
22. Bf4 Qb6+ 23. Kh1 Bd5 24. Rac1 Be7 25. Rxc4 O-O 26. Be3 Qb5 27. Qc2 Rfd8 28.
Nc3 Bxg5 29. Nxb5 Bxe3 30. Nc7 1-0

[Event "Aut_2.Bundesliga_Ost_2004/05"]
[Site "?"]
[Date "2005.04.10"]
[Round "11.4"]
[White "Holzer, Gerhard"]
[Black "Vokroj, Rene"]
[Result "0-1"]
[WhiteElo "2276"]
[BlackElo "2280"]
[PlyCount "50"]
[EventDate "2004.10.09"]

1. e4 c5 2. Nf3 d6 3. Nc3 Nf6 4. d4 cxd4 5. Nxd4 g6 6. g3 Bg7 7. Bg2 O-O 8. O-O
Bd7 9. h3 Nc6 10. Nde2 Ne5 11. Kh2 Qa5 12. Nf4 Rfd8 13. Nfd5 e6 14. Ne3 Rac8
15. f4 Nc4 16. Qe1 b5 17. Nxc4 Rxc4 18. Bd2 b4 19. Nd1 Rxc2 20. Bxb4 Qh5 21.
Bd2 Rdc8 22. Bf3 Qc5 23. Rf2 d5 24. exd5 exd5 25. Re2 Bb5 0-1

[Event "Aut_2.Bundesliga_Ost_2004/05"]
[Site "?"]
[Date "2005.04.10"]
[Round "11.4"]
[White "Bukacek, Emil"]
[Black "Schwab, Rene"]
[Result "1/2-1/2"]
[WhiteElo "2240"]
[BlackElo "2268"]
[PlyCount "45"]
[EventDate "2004.10.09"]

1. e4 c6 2. d4 d5 3. exd5 cxd5 4. Bd3 g6 5. h3 Nc6 6. c3 Bf5 7. Nf3 Nf6 8. O-O
Bxd3 9. Qxd3 Bg7 10. Bf4 O-O 11. Nbd2 a6 12. Qe3 b5 13. Ne5 Rc8 14. Rfe1 Nh5
15. Bh2 Bxe5 16. Bxe5 Nxe5 17. Qxe5 Re8 18. Nb3 Rc6 19. Nc5 Ng7 20. Qe2 e5 21.
Qd2 Nf5 22. b4 e4 23. a4 1/2-1/2